Normal view MARC view
  • Chhabra.T.N.etal.

Entry Personal Name

Number of records used in: 2

001 - CONTROL NUMBER

  • control field: 2286

003 - CONTROL NUMBER IDENTIFIER

  • control field: OSt

005 - DATE AND TIME OF LATEST TRANSACTION

  • control field: 20170109164840.0

008 - FIXED-LENGTH DATA ELEMENTS

  • fixed length control field: 170109|| aca||aabn | a|a d

040 ## - CATALOGING SOURCE

  • Original cataloging agency: OSt

100 ## - HEADING--PERSONAL NAME

  • Personal name: Chhabra.T.N.etal.

Powered by Koha